| 000 | 00692nam a2200229 a 4500 | ||
|---|---|---|---|
| 001 | 000019427 | ||
| 005 | 20200929170020.0 | ||
| 008 | 100629s2008 es ac 001 0 spa d | ||
| 020 | _a9788484038719 | ||
| 040 |
_aDO-SdBNP _bspa _cBNPHU |
||
| 082 |
_a923.144 _bB698 |
||
| 245 | 0 | 0 | _aNapoleón /. |
| 260 |
_aMadrid : _bEdimat Libros, _c2008. |
||
| 300 |
_a192 p. : _bil., retrs. ; _c22 cm. |
||
| 490 | 1 | _aGrandes biografías | |
| 500 | _aIncluye notas al pie de la páginas | ||
| 504 | _aIncluye bibliografías (6 -7) | ||
| 600 | 1 | 4 |
_aBONAPARTE, NAPOLEON, _d1769-1821 _941700 |
| 650 | 4 |
_aEmperadores franceses _xBiografías _941701 |
|
| 830 | 0 |
_aGrandes biografías _911230 |
|
| 049 | _aBNPD | ||
| 999 |
_c18943 _d18943 |
||